000 00385nam a2200133Ia 4500
008 100328s9999 xx 000 0 und d
082 _b61067
100 _aकुलकर्णी श्यामला.
245 _aअमोल फुले.
260 _bमाुश्री.
630 _aअमोल फुले.
730 _aअमोल फुले.
942 _cBOOK
999 _c547173
_d547170